| 000 | 00682nam a2200193 a 4500 | ||
|---|---|---|---|
| 001 | 000041551 | ||
| 005 | 20240301185227.0 | ||
| 008 | 131010s1953 xxu 000 0 eng d | ||
| 040 |
_aDO-SdBNP _beng _cBNPHU |
||
| 082 |
_axxxx _bxxxx |
||
| 100 | 1 |
_aMarx, Karl, _d1818-1883 _930439 |
|
| 245 | 1 | 0 |
_aThe communist manifiesto / _cKarl Marx, Friedrich Engels ; editor Samuel H. Beer. |
| 260 |
_aNew York : _bAppleton -Century-Chofts, _c1953. |
||
| 300 |
_a96 p. ; _c18 cm. |
||
| 504 | _aIncluye referencias bibliográficas y notas al pie de las páginas | ||
| 504 | _aBibliografías : p. 95-96 | ||
| 700 | 1 |
_aEngels, Friedrich, _d1820-1895 _960306 |
|
| 700 | 1 |
_aH. Beer, Samuel, _eed. _968292 |
|
| 999 |
_c41041 _d41041 |
||